000 01070nam a2200289 c 4500
003 BLK
005 20210927104436.0
008 180412b bul|||||r ||||||| ||bul||
010 _aKNG00011942000
020 _a954-07-0792-7
_bиздат.: Унив. изд. Св. Климент Охридски
040 _aBLK
041 _aBUL
_cBUL
080 _aБългарска литература
_b821.163.2
_x-4
_z821.163.2-4
100 1 _aТомов, Александър Александров
_eпърви автор
_9255561
139 _aТомов, Александър Александров
_bТ 70
245 1 0 _aАрхипелази на духа
_bЕсета
_cАлександър Александров Томов.
257 _aBGR
260 София
_bУнив. изд. Св. Климент Охридски
_c1995
300 _a123 с.
_c20 см
380 _aX
500 _a1 100 тир.
852 _aЦб 188378
856 4 _qpdf
_u
856 4 _qpdf
_u
942 _cKNG
_n0
_01
944 _aCR
_c15.01.2003
_kAB_DOS
944 _aED
_c20.09.2017
_kМилена_Ачева
999 _c10456
_d10456